Logos de marques par lettre - N - Statistiques

Statistiques générales
  • Ce quiz a été pris 52 477 fois
  • Le résultat moyen est 14 sur 16
Statistiques - réponses
Par images Hint Réponse % Correct
Streaming Netflix
100%
Sport Nike
100%
Aérospatiale NASA
98%
Jeux vidéo Nintendo
98%
Radio NRJ
94%
Sport NBA
93%
Mode New Balance
93%
Automobile Nissan
91%
Entretien auto Norauto
90%
Alimentaire Nestlé
88%
Alimentaire Nesquik
81%
TV Nickelodeon
81%
Boisson Nespresso
80%
Média National Geographic
68%
Maison d'édition Nathan
53%
Technologie Nvidia
45%
Aucun quiz correspondant
Distribution des résultats
% des personnes avec chaque résultat
Percentile par nombre de réponses
Votre historique - résultats
Vous n’avez pas pris ce quiz